000 01086nam a2200229Ia 4500
003 Ost
005 20260507075405.0
008 260507s9999||||xx |||||||||||||| ||und||
040 _cfsecg
041 _aara
082 _a600
100 _aأبوغزلة، محمد عبد الله
_eمؤلف
245 0 _aإدارة المشاريع الصغيرة /
_c محمد عبد الله أبوغزلة
260 _aعمان:
_bدار أمجد,
_c2014
300 _a192 صفحة؛
_bإيضاحات ؛
_c24 سم
504 _aالمراجع ص.181
520 _aيضم المشروعات الصغيرة والمتوسطة، الشركة الأردنية لضمان القروض، المشروعات الصغيرة وإسهامها في التنمية الاقتصادية، أهمية المشروعات الصغيرة والمتوسطة في الاقتصاد المصري، دوافع الرواد في إنشاء المشار يع
653 _aإدارة الاعمال
653 _aالمشروعات
653 _aالمشروعات- تنظيم وإدارة
942 _cكتاب
999 _c44300
_d44300